000 00918 a2200445 4500
000 BKB
001 136221
005 20200902153005.0
008
010 _a
020 _a
082 _a720.284
_bY35A
100 1 _aYee, Rendow
110 _a
245 1 _aArchitectural drawing : a visual compendium of types and methods
_cby Rendow Yee
250 _a4th ed.
260 _aNew Jersey
_bJohn Wiley & Sons
_c2013
300 _a587p.
490 _a
_v
500 _a
600 _a
610 _a
611 _a
630 _a
650 _a
651 _a
654 _a
690 _aArchitecture; Architectural drawing-Technique
700 _a
_b
_c
710 _a
_b
_c
711 _a
720 _a
730 _a
740 _a
752 _a
856 _a
_d
_f
904 _a
964 _a
_b
_c
_d
_e
_f
_g
965 _a
999 _c9451
_d9451